Statistiques concernant Les Rois Maudits

Cliquez ici pour prendre le quiz!

Statistiques générales

  • Ce quiz a été pris 49 fois
  • Le résultat moyen est 12 sur 26

Statistiques - réponses

HintRéponse% Correct
Son fils ainéLouis X
95%
Roi de France au début de la sagaPhilippe IV
92%
Le 2ème fils du BelPhilippe V
78%
Le dernier des Capétiens directsCharles IV
68%
Son surnomLe Long
65%
Le dernier des TempliersJacques de Molay
62%
Son mariEdouard II
57%
Fille de France et Reine d'AngleterreIsabelle de France
54%
Le 1er roi ValoisPhilippe VI
54%
Son filsEdouard III
49%
Roi éphemèreJean Ier
49%
La meurtrière de ce dernierMahaut d'Artois
46%
Baron rougeRobert d'Artois
46%
Père de ce dernierCharles de Valois
43%
Sa 1ere filleJeanne de Bourgogne
43%
Pape mauditClément V
38%
Seconde femmeClémence de Hongrie
35%
Son amant, Lord...Mortimer
35%
Ministre mauditEnguerrand de Marigny
32%
Sa 2ème filleBlanche de Bourgogne
30%
Les amants de la tour de Nesle, les frères...D'Aunay
30%
Son succésseurJean XXII
22%
1ere femme de ce dernierMarguerite de Navarre
14%
Son frère, l'évèque....Jean de Marigny
11%
Le banquier lombardTolomeo Tolomeï
5%
Son neveuVasco Baglioni
5%

Distribution des résultats

Percentile par nombre de réponses

% des personnes avec chaque résultat

Votre développement - résultats

Vous n’avez pas pris ce quiz